000 00531nam a2200181Ia 4500
008 200115s9999 xx 000 0 und d
100 _aDi Cintio, Marcello
245 _aCan we save the mountain gorilla?/
245 _cMarcello Di Cintio
260 _bReader's Digest Asia
260 _c2019
300 _aPages 26-35, August 2019
440 _aAsia Reader's Digest: Acts of Kindness Everyone can do
_v116:678
650 _aanimal habitats
650 _agorillas
650 _amountain gorilla
650 _aUganda forest
999 _c362917
_d362917